000 00708nam a2200253Ia 4500
003 OSt
005 20221002043054.0
006 a|||||r|||| 00| 0
007 ta
008 220930b |||||||| |||| 00| 0 eng d
020 _a0815315031
024 _a30265
037 _cReference Collections
040 _aCRL
_cCRL
_beng
041 _2eng
_aeng
082 _aAk, P0(RR)
100 _aApplebaum Wilbur Ed
_9567791
245 0 _aEncyclopedia of the scientific revolution from Copernicus to Newton
260 _aNew York
_bGarlend
_c2000
300 _a758p.
_ccm.
650 _aSCIENCE
942 _hAk, P0(RR)
_cref
_2CC
999 _c907315
_d907315